Daňové špeciality v riešení praxe

Pokračovanie príspevku z predchádzajúceho čísla. Pojem a význam daňového zdôvodnenia. Informačný rozdiel a argumentačná kvalita. Ilustračné príklady.

Saved in:
Bibliographic Details
Main Author: Burák, Emil
Format: Book Chapter
Language:Slovak
Subjects:
Tags: Add Tag
No Tags, Be the first to tag this record!

MARC

LEADER 00000naa a2200000 4500
001 0246929
005 20180814083229.5
041 0 |a slo 
044 |a SK 
245 1 0 |a Daňové špeciality v riešení praxe  |c Emil Burák 
520 |a Pokračovanie príspevku z predchádzajúceho čísla. Pojem a význam daňového zdôvodnenia. Informačný rozdiel a argumentačná kvalita. Ilustračné príklady. 
610 2 0 |a dane 
610 2 0 |a zdaňovanie 
610 2 0 |a Slovensko 
610 2 0 |a poradcovia daňoví 
610 2 0 |a informácie 
100 1 |a Burák, Emil